000 00513nam a2200193Ia 4500
008 131103s9999 xx 000 0 und d
040 _aLoreto College
041 _aEnglish
082 _aREF/H
_bLCBED/9475
245 _aAncient empires
_cedited by S.G.F. Brandon
260 _aLondon
_bNewsweek Books
_c1973
300 _a160p.
_b pic.
_c 25cm.
440 _aMilestones of History
504 _aIncludes index
650 _aHistory
700 _aBrandon, S.G.F.;ed.
850 _aLCBED/REF/H
942 _cBK
999 _c31212
_d81691